000 00786nam a2200277 4500
001 SIABUC7-ficha_no(MFN):13142
003 017970
005 20230418124622.0
008 220711s1987 mx ||||g |||| ||spa d
010 _aTIPO-2
011 _a1987
020 _a9682512638
041 _aesp
042 _amex
082 _a610.734
_bL864e
100 _aLopez Luna, Maria Concepcion
_994401
245 _aEnfermeria sanitaria /
_cMaria Concepcion Lopez Luna; editor Javier Sanchez Orozco
250 _a1 ed.
264 _aMexico :
_bInteramericana,
_c1987
300 _a237 p. : il.
599 _aCon información de ANA01, completado con ANA02
650 _aCiencias de la salud
_914934
650 _aEnfermeria
_937482
650 _aSalud publica
942 _2ddc
_cBK
999 _c38628
_d38628